Score 0/48 Timer 08:00
8 Plays Today
number famous person % Correct
2.Spiderman
98.5%
5.Pacman
97.7%
26.E.T.
95.4%
28.Homer Simpson
94.6%
13.Jaws
94.1%
21Kermit the Frog
92.6%
43.Bugs Bunny
91.7%
16.Jack Sparrow
89.6%
39.Count Dracula
87.6%
37.The Tin Man
86.6%
8.George W. Bush
85.3%
11.Betty Boop
85.3%
3.Ronald McDonald
84.7%
19.Stewie Griffin
83.2%
31.Wall.E
81.3%
15.Osama Bin Laden
78.4%
7.Medusa
76.6%
45.Santa Claus
75%
35.Uncle Sam
74.9%
30.The Joker
73.5%
29.Stevie Wonder
72.9%
6.Kanye West
66.5%
22.Mike Wazowski
64.6%
25.2pac
59.2%
number famous person % Correct
14.Darth Maul
56.6%
9.Hannibal Lecter
52.5%
18.Kim Jong-il
50.3%
40.Edward Scissorhands
49.8%
32.Elton John
49.3%
10.Ozzy Osbourne
47.7%
42.Che Guevara
43%
47.Freddy Krueger
41.9%
20.Joan Rivers
41.8%
46.Benjamin Franklin
41.4%
4.Bono
38.3%
38.Nelson Mandela
37.4%
48.Bruce Lee
37.2%
36.Jay Leno
35.9%
44.Henry VIII
35.6%
12.Groucho Marx
35.5%
23.Lady Gaga
32.6%
17.Joseph Stalin
32.3%
27.Stan Laurel
28.1%
33.Susan Boyle
27%
41.Steven Spielberg
16.6%
34.Sigmund Freud
15.9%
1.Frank Zappa
15.8%
24.Gordon Brown
7.8%

You're not logged in!

Compare scores with friends on all Sporcle quizzes.
OR
Log In

Sporcle TV

Today on Sporcle TV


Watch our educational content, quiz creation guides, and fun videos on Sporcle TV.

Show Comments

Extras

Top Quizzes Today


Score Distribution

Paid Content

Your Account Isn't Verified!

In order to create a playlist on Sporcle, you need to verify the email address you used during registration. Go to your Sporcle Settings to finish the process.

Report this User

Report this user for behavior that violates our Community Guidelines.

Details: